000
00319nam a2200133Ia 4500
008
220216s9999 xx 000 0 und d
100
_a
Boggs F W
245
0
_a
Friction of rubber on rough surfaces
260
_b
Planter
_c
1957
300
_a
615-621
650
_a
Rubber friction
700
_a
Riemen W P
942
_c
JS
999
_c
59590
_d
59590